000 01389cam a2200301 i 4500
001 18690
003 CO-MdFUSB
005 20220813120300.0
008 220813b2008 sp |||| |||| 00| 0 spa d
020 _a978-84-249-1831-2
040 _bspa.
_aCO-MdFUSB
_cCO-MdFUSB
_dCO-MdFUSBC
_erda
041 _aspa
082 0 4 _aR A717ac
100 1 _aAristóteles
245 1 0 _aAcerca del cielo = Meteorológicos / Aristóteles ;
_c/ introducción, traducción y notas por Miguel Candel
260 _aGredos
264 1 _aMadrid :
_bGredos,
_c[2008]
264 4 _c© 2008
300 _a430 páginas
_c;
336 _2rdacontent
_atexto
_btxt
337 _2rdamedia
_asin mediación
_bn
338 _2rdacarrier
_avolumen
_bnc
501 _apasta dura
505 _aAcerca del cielo : Objetivo del tratado -- Los presupuestos fundamentales -- La naturaleza del cielo: el quinto elemento -- Caracterización del universo en su conjunto -- Los astros: sus formas y movimientos -- Mecánica terrestre y mecánica celeste -- El texto -- Libro I -- Libro II -- Libro III -- Libro IV. Meteorológicos : Contenido, características y posición de la obra en el Corpus -- El texto y su traducción -- Variantes -- Libro I -- Libro II -- Libro III -- Libro IV
650 1 4 _aASTRONOMIA - GRECIA \ CIENCIA ANTIGUA \ METEOROLOGIA \ METEOROLOGIA (ARISTOTELES)
942 _cBK
945 _aestudiante
999 _c45103
_d45103